000 01527nam a2200253 i 4500
001 53820
003 ES-MaACL
005 20250806030116.0
007 t|
008 960710s1887 sp |||| | spa d
040 _cES-MaACL
100 1 _aFernández Martín, Manuel,
_d1864-1902
_eaut
_949899
245 1 0 _aSignos del tiempo :
_bCongreso Literario-Artístico-Internacional de 1887 /
_cManuel Fernández Martín
260 _aMadrid :
_b[s.n.],
_c1887
_f(Imp. de los Hijos de J.A. García)
300 _a110 páginas ;
_c21 cm.
505 8 _aOrígenes y plagios ; La Sociedad o Asociación de Escritores y Artistas ; Puntos de enlace ; Llegada y recibimiento. El aviso de "Le Gaulois". Apéndice primero: Artículo de la Sra. Pardo Bazán [Digresión con pretexto del Congreso Literario]. Apéndice segundo: La Mére de Carmen. Apéndice tercero: Estadística y vicisitudes del personal que concurrió a la sesión inaugural del Congreso Artístico Internacional, y a las expediciones y banquetes que en obsequio de los congresistas extranjeros se dieron por la Sociedad o Asociación de Escritores y Artistas, Diputación Provincial y Ayuntamiento de Madrid
610 2 4 _aAsociación de Escritores y Artistas Españoles
_91585
611 2 4 _aCongreso Literario Artístico Internacional
_c(Madrid.
_d1887)
_9494
700 1 _aPardo Bazán, Emilia,
_cCondesa de,
_d1851-1921
_eaut
_9176434
852 _aES-MaACL
_jT-467-F-11
_cDEPOF
942 _cFOLLETOS
_n0
999 _c53820
_d53820